Karl Urban Movies - Statistics

General Stats
  • This quiz has been taken 5 times
  • The average score is 12 of 36
Answer Stats
Hint Answer % Correct
2010 RED
60%
2013 Riddick
60%
2009 Star Trek
60%
2016 Star Trek Beyond
60%
2013 Star Trek Into Darkness
60%
2003 The Lord of the Rings: The Return of the King
60%
2002 The Lord of the Rings: The Two Towers
60%
2017 Thor: Ragnarok
60%
2005 Doom
40%
2012 Dredd
40%
2002 Ghost Ship
40%
2007 Pathfinder
40%
2016 Pete's Dragon
40%
2011 Priest
40%
2023 Star Trek 4
40%
2004 The Chronicles of Riddick
40%
2022 The Sea Beast
40%
2017 Acts of Violence
20%
1997 Amazon High
20%
2010 And Soon the Darkness
20%
2020 Batman: Death in the Family
20%
2018 Bent
20%
TBD Black Water Transit
20%
1992 Chunuk Bair
20%
2017 Hangman
20%
1998 Heaven
20%
2006 Out of the Blue
20%
2017 Pork Pie
20%
2004 The Bourne Supremacy
20%
2014 The Loft
20%
2000 The Price of Milk
20%
2000 The Privateers
20%
2019 The Rise of Skywalker
20%
2000 Truth About Demons
20%
1998 Via Satellite
20%
2013 Walking With Dinosaurs 3D
20%
No matching quizzes found
Score Distribution
Percent of People with Each Score
Percentile by Number Answered
Your Score History
You have not taken this quiz